Desenrrollando la lengua : (Record no. 196261)

MARC details
000 -CABECERA
campo de control de longitud fija 00852nam a2200241 a 4500
005 - FECHA Y HORA DE LA ÚLTIMA TRANSACCIÓN
campo de control 20251204064010.0
008 - ELEMENTOS DE LONGITUD FIJA--INFORMACIÓN GENERAL
campo de control de longitud fija 180418s2013 es r 000 0 spa d
020 ## - NÚMERO INTERNACIONAL NORMALIZADO PARA LIBROS
Número Internacional Estándar del Libro 9788499214177
035 ## - NÚMERO DE CONTROL DEL SISTEMA
Número de control de sistema UPN01000224164
049 ## - COLECCIÓN
Colección I
050 #4 - SIGNATURA TOPOGRÁFICA DE LA BIBLIOTECA DEL CONGRESO
Número de clasificación LB1575.8
Número de documento/Ítem L9.2
100 1# - ASIENTO PRINCIPAL--NOMBRE PERSONAL
Nombre de persona Ly, Anna
9 (RLIN) 41807
245 10 - MENCIÓN DE TÍTULO
Título Desenrrollando la lengua :
Resto del título una niña brasileña en España /
Mención de responsabilidad, etc. Anna Ly ; il. Diogo Droschi.
260 ## - PUBLICACIÓN, DISTRIBUCIÓN, ETC.
Lugar de publicación, distribución, etc. Barcelona, Esp. :
Nombre del editor, distribuidor, etc. Octaedro,
Fecha de publicación, distribución, etc. 2013.
300 ## - DESCRIPCIÓN FÍSICA
Extensión 40 p.
Otras características físicas il. col. +
Material acompañante/anejo 1 CD-ROM ; 4 3/4 plgs.
500 ## - NOTA GENERAL
Nota general El CD-ROM solicítalo en el Mostrador de Préstamo
650 #4 - ASIENTO SECUNDARIO DE MATERIA - TERMINO TEMATICO
Término de materia o nombre geográfico como elemento de entrada Lenguaje y lenguas
Subdivisión general Estudio y enseñanza (Elemental)
9 (RLIN) 7681
651 #4 - ASIENTO SECUNDARIO DE MATERIA - NOMBRE GEOGRAFICO
Nombre geográfico BRASIL -
Subdivisión general VIDA SOCIAL Y COSTUMBRES
9 (RLIN) 9394
650 #4 - ASIENTO SECUNDARIO DE MATERIA - TERMINO TEMATICO
Término de materia o nombre geográfico como elemento de entrada Canciones infantiles brasileñas
9 (RLIN) 5684
650 #4 - ASIENTO SECUNDARIO DE MATERIA - TERMINO TEMATICO
Término de materia o nombre geográfico como elemento de entrada Libros y lectura para niños
9 (RLIN) 2290
905 ## - TIPO DE MATERIAL
Tipo de material Infantil
Holdings
Estado de retiro Estado de pérdida Fuente del sistema de clasificación o colocación Estado dañado No para préstamo Código de colección Localización permanente Ubicación/localización actual Ubicación en estantería Fecha de adquisición Clasificación Código de barras Fecha visto por última vez Número de copia Tipo de ítem Koha
    Library of Congress Classification     Infantil Bib. Gregorio Torres Quintero Bib. Gregorio Torres Quintero Sala infantil Planta baja 11/05/2023 LB1575.8 L9.2 323220 31/12/2020 1 Libro
    Library of Congress Classification     Infantil Bib. Gregorio Torres Quintero Bib. Gregorio Torres Quintero Sala infantil Planta baja 11/05/2023 LB1575.8 L9.2 323219 31/12/2020 1 Libro